History Quiz

Random History or Canada Quiz

Premiers of Newfoundland and Labrador by time period Quiz Stats

Quiz not verified by Sporcle

Challenge
Share
Tweet
Embed
Score 0/13 Timer 03:00
0 Plays Today
Time period Answer % Correct
1949-1972Joey Smallwood
100%
1989-1996Clyde Wells
100%
2003-2010Danny Williams
100%
2014Tom Marshall
100%
2014-2015Paul Davis
100%
2015-IncumbentDwight Ball
100%
1972-1979Frank Moores
80%
1996-2000Brian Tobin
80%
2010-2014Kathy Dunderdale
80%
1979-1989Brian Peckford
60%
2000-2001Beaton Tulk
60%
1989Tom Rideout
40%
2001-2003Roger Grimes
40%

You're not logged in!

Compare scores with friends on all Sporcle quizzes.
Sign Up with Email
OR
Log In

You Might Also Like...

Show Comments

Extras

Top Quizzes Today


Score Distribution

Your Account Isn't Verified!

In order to create a playlist on Sporcle, you need to verify the email address you used during registration. Go to your Sporcle Settings to finish the process.